Zene és műveltség /

Uložené v:
Podrobná bibliografia
Ďalší autori: Kroó, György 1926-1997 (Editor)
Médium: Kniha
Jazyk:Hungarian
Vydané: Budapest : Zeneműkiadó, 1970.
Edícia:Zeneélet
ISBN: (brož.)
Fyzický popis: 65 s. : 19 cm.
Tagy: Pridať tag
Žiadne tagy, Buďte prvý kto otaguje tento záznam!

MARC

LEADER 00000nam a22000004a 4500
001 000410037
005 20121113174346.0
008 121113s1970 hu e 000 0 hun d
020 |a (brož.)  |c Kčs 7,50 
040 |a SVKKK  |b slo  |c SVKKK  |e AACR2 
041 0 |a hun 
044 |a hu  |c HU 
245 0 0 |a Zene és műveltség /  |c szerk. György Kroó. 
260 |a Budapest :  |b Zeneműkiadó,  |c 1970. 
300 |a 65 s. :  |b 19 cm. 
490 1 |a Zeneélet 
700 1 |a Kroó, György  |d 1926-1997  |4 edt 
830 0 |a Zeneélet 
910 |a svkkk 
998 |a BK 
090 |g SCKHL  |k Sklad Hlavná 10 suterén  |a I.38086  |j 439999  |i 2720629204  |s Absenčne